| 000 | 01093nam0a2200325 i 4500 | ||
|---|---|---|---|
| 001 | RU\NLR\BIBL_A\010721433 | ||
| 005 | 20240726092618.0 | ||
| 010 | _a9785000771723 | ||
| 021 |
_aRU _b2015-11250 _9685 |
||
| 035 | _a(NILC)RuMoRGB-007874213 | ||
| 035 | _a(NLR Aleph) 010721433 | ||
| 090 |
_a9822314 _c9822314 |
||
| 100 | _a20150407d2015 u y0rusy50 ca | ||
| 101 | 0 | _arus | |
| 102 | _aRU | ||
| 105 | _aa|||z|||000ad | ||
| 200 | 1 |
_aИ я там был _fВ. А. Лапушкин |
|
| 210 |
_aМосква _cOnebook.ru _d2015 |
||
| 215 |
_a46, [2] с. _cил., портр. _d20 |
||
| 300 | _aЗагл. обл.: И я там был… | ||
| 327 | 1 | _aСодерж.: Собака ; Лис ; Изюбр ; Тост ; Триумф ; Букет ; Замочек ; Брусик ; Волк | |
| 512 | 1 | _aИ я там был… | |
| 686 | 2 | _aШ6(2=Р)8-464.1 | |
| 700 | 1 |
_aЛапушкин _bВ. А. _gВладимир Александрович |
|
| 801 | 0 |
_aRU _bРГБ _c20150224 _gRCR |
|
| 942 | _cBOOK | ||
| 980 | _aNBR | ||